[Event "Sofia MGU op 05th"]
[Site "Sofia"]
[Date "2010.03.28"]
[Round "6"]
[White "Krastev, Krasimir"]
[Black "Krastev, Goran"]
[Result "0-1"]
[WhiteElo "2013"]
[BlackElo "1996"]
[PlyCount "70"]
[EventDate "2010.03.27"]
[EventType "swiss"]
[EventRounds "6"]
[EventCountry "BUL"]
[SourceTitle "CBM 135 Extra"]
[Source "ChessBase"]
[SourceDate "2010.05.04"]
[SourceVersion "1"]
[SourceVersionDate "2010.05.04"]
[SourceQuality "1"]

1. d4 d5 2. Nf3 Nf6 3. c4 e6 4. Nc3 c6 5. Bg5 Nbd7 6. e3 Be7 7. Rc1 h6 8. Bh4 0-0 9. Bd3 dxc4 10. Bxc4 b5 11. Bd3 a6 12. 0-0 Bb7 13. Ne5 c5 14. Nxd7 Nxd7 15. Bxe7 Qxe7 16. Be4 Rab8 17. Bxb7 Rxb7 18. Ne4 Rc7 19. Qf3 Rfc8 20. Qg3 Rc6 21. h3 cxd4 22. Rxc6 Rxc6 23. exd4 Qb4 24. d5 exd5 25. Nc3 Nf6 26. Qe5 Qd6 27. Qd4 Rc4 28. Qd3 Qe5 29. Rd1 Rc5 30. a3 g6 31. g3 Kg7 32. Kf1 Qe6 33. Kg2 Qc6 34. Kg1 a5 35. Qd4 Rc4 0-1

[Event "Sofia Hemus op 47th"]
[Site "Sofia"]
[Date "2009.07.26"]
[Round "5"]
[White "Krastev, Krasimir"]
[Black "Nikolov, Rumen"]
[Result "1-0"]
[WhiteElo "2034"]
[BlackElo "1771"]
[PlyCount "87"]
[EventDate "2009.07.25"]
[EventType "swiss"]
[EventRounds "6"]
[EventCountry "BUL"]
[SourceTitle "CBM 131 Extra"]
[Source "ChessBase"]
[SourceDate "2009.09.03"]
[SourceVersion "2"]
[SourceVersionDate "2009.09.16"]
[SourceQuality "1"]

1. e4 c5 2. Nf3 Nc6 3. d4 cxd4 4. Nxd4 Nf6 5. Nc3 e5 6. Nb3 Bb4 7. Qd3 0-0 8. a3 Bxc3+ 9. bxc3 h6 10. f3 Re8 11. g4 d5 12. g5 hxg5 13. Bxg5 dxe4 14. fxe4 Qxd3 15. cxd3 Nh7 16. Bh4 b6 17. Nd2 Be6 18. Rg1 Nf8 19. 0-0-0 Ng6 20. Bg5 Rac8 21. h4 Nd4 22. Kb2 Nb5 23. Rc1 Nd6 24. h5 Nf8 25. Bf6 g6 26. Bxe5 Nb7 27. d4 Nd8 28. Nf3 Bc4 29. Bh3 Be6 30. Bf1 Bc4 31. d5 Bxf1 32. Rcxf1 Nb7 33. Rg4 Nc5 34. Kc2 Re7 35. hxg6 Nxg6 36. Rh1 Rxe5 37. Nxe5 Kg7 38. Nxg6 fxg6 39. Rhg1 Kf7 40. e5 b5 41. Rxg6 Na4 42. Rg7+ Ke8 43. Rg8+ Kd7 44. Rxc8 1-0

[Event "BUL-ch U26"]
[Site "Sofia"]
[Date "2007.11.08"]
[Round "2.12"]
[White "Vladimirova, Diana"]
[Black "Krastev, Krasimir"]
[Result "1-0"]
[WhiteElo "1768"]
[BlackElo "1825"]
[PlyCount "61"]
[EventDate "2007.11.07"]
[EventType "swiss"]
[EventRounds "7"]
[EventCountry "BUL"]
[SourceTitle "CBM 121 Extra"]
[Source "ChessBase"]
[SourceDate "2008.01.10"]
[SourceVersion "1"]
[SourceVersionDate "2008.01.10"]
[SourceQuality "1"]

1. e4 d5 2. exd5 Nf6 3. d4 Bf5 4. Bb5+ Nbd7 5. c4 a6 6. Bxd7+ Qxd7 7. Nf3 h6 8. Ne5 Qd6 9. Nc3 Ne4 10. Qa4+ c6 11. dxc6 bxc6 12. 0-0 Nxc3 13. bxc3 f6 14. c5 Qc7 15. Qxc6+ Qxc6 16. Nxc6 a5 17. Bf4 Be4 18. Nb8 e5 19. dxe5 Bxc5 20. exf6 gxf6 21. Rfe1 f5 22. Nc6 Kf8 23. Ne5 Kg7 24. Nd7 Rhc8 25. Be5+ Kg6 26. Nxc5 Rxc5 27. Bd4 Rc6 28. f3 Bd5 29. Re7 Kh5 30. g4+ Kh4 31. gxf5 1-0

[Event "Donau op 02nd"]
[Site "Aschach"]
[Date "1993.??.??"]
[Round "?"]
[White "Krastev, Krasimir"]
[Black "Sommerbauer, Norbert"]
[Result "1-0"]
[WhiteElo "2215"]
[BlackElo "2315"]
[PlyCount "55"]
[EventDate "1993.12.??"]
[EventType "swiss"]
[EventRounds "9"]
[EventCountry "AUT"]
[SourceTitle "EXT 2000"]
[Source "ChessBase"]
[SourceDate "1999.11.16"]
[SourceVersion "1"]
[SourceVersionDate "1999.11.16"]
[SourceQuality "1"]

1. Nf3 g6 2. e4 Bg7 3. d4 c6 4. Nc3 d5 5. h3 Nf6 6. e5 Ne4 7. Bd3 Nxc3 8. bxc3 c5 9. 0-0 c4 10. Be2 Qa5 11. Bd2 Nd7 12. Nh2 Nb6 13. f4 Be6 14. Bg4 Bxg4 15. Nxg4 e6 16. Qf3 0-0-0 17. Rfb1 Na4 18. Ne3 b5 19. f5 gxf5 20. g4 Rhg8 21. Kh2 f6 22. gxf5 fxe5 23. fxe6 e4 24. Qf7 Qc7+ 25. Qxc7+ Kxc7 26. Rxb5 Kc6 27. Ra5 Nb6 28. Nf5 1-0